<?xml version="1.0" encoding="UTF-8"?><?xml-stylesheet type="text/xsl" href="static/style.xsl"?><OAI-PMH xmlns="http://www.openarchives.org/OAI/2.0/" xmlns:xsi="http://www.w3.org/2001/XMLSchema-instance" xsi:schemaLocation="http://www.openarchives.org/OAI/2.0/ http://www.openarchives.org/OAI/2.0/OAI-PMH.xsd"><responseDate>2026-04-13T03:09:10Z</responseDate><request verb="GetRecord" identifier="oai:www.recercat.cat:10459.1/69998" metadataPrefix="marc">https://recercat.cat/oai/request</request><GetRecord><record><header><identifier>oai:recercat.cat:10459.1/69998</identifier><datestamp>2024-12-05T21:36:51Z</datestamp><setSpec>com_2072_3622</setSpec><setSpec>col_2072_479130</setSpec></header><metadata><record xmlns="http://www.loc.gov/MARC21/slim" xmlns:dcterms="http://purl.org/dc/terms/" xmlns:xsi="http://www.w3.org/2001/XMLSchema-instance" xmlns:doc="http://www.lyncode.com/xoai" xsi:schemaLocation="http://www.loc.gov/MARC21/slim http://www.loc.gov/standards/marcxml/schema/MARC21slim.xsd">
   <leader>00925njm 22002777a 4500</leader>
   <datafield ind2=" " ind1=" " tag="042">
      <subfield code="a">dc</subfield>
   </datafield>
   <datafield ind2=" " ind1=" " tag="720">
      <subfield code="a">Chairi, Fadia</subfield>
      <subfield code="e">author</subfield>
   </datafield>
   <datafield ind2=" " ind1=" " tag="720">
      <subfield code="a">Aparicio, Nieves</subfield>
      <subfield code="e">author</subfield>
   </datafield>
   <datafield ind2=" " ind1=" " tag="720">
      <subfield code="a">Serret Molins, M. Dolors</subfield>
      <subfield code="e">author</subfield>
   </datafield>
   <datafield ind2=" " ind1=" " tag="720">
      <subfield code="a">Araus Ortega, José Luis</subfield>
      <subfield code="e">author</subfield>
   </datafield>
   <datafield ind2=" " ind1=" " tag="260">
      <subfield code="c">2020-12-02T12:46:36Z</subfield>
   </datafield>
   <datafield ind2=" " ind1=" " tag="260">
      <subfield code="c">2020-12-02T12:46:36Z</subfield>
   </datafield>
   <datafield ind2=" " ind1=" " tag="260">
      <subfield code="c">2020-03-21</subfield>
   </datafield>
   <datafield ind2=" " ind1=" " tag="520">
      <subfield code="a">This study evaluates the changes caused by breeding in the genotype by environment (G × E) interaction of the durum wheat varieties most widely cultivated in Spain after the Green Revolution. A set of 12 cultivars was tested in 27 environments, which are understood as the combination of different sites, years, and treatments (water regime and planting dates), representative of the durum wheat growing conditions in Spain with average grain yields (GY) ranging between 2.8 and 9.1 Mg ha−1. The most important environmental factors affecting the G × E interaction for yield were themaximum and the mean temperature during the entire crop cycle. An improvement in genetic yield was observed in warm environments and under optimal water conditions that resemble those where the germplasm originated (essentially as advanced lines) before its release in Spain. Therefore, the adaptation of semi-dwarf durum in Spain has shown a tendency to specific adaptation rather than large-scale adaptation. Two different patterns of selection have been reported due the G × E interaction and changes in the ranking of genotypes: in the high yielding environments (GY > 5 Mg ha−1), plants favor increased water uptake, with higher levels of transpiration and more open stomata (more negative values of carbon isotope composition, δ13C, and higher canopy temperature depression, CTD), whereas, in low yielding environments (GY &lt; 5 Mg ha−1) plants close their stomata and favor greater water use efficiency (less negative δ13C values and lower CTD values).</subfield>
   </datafield>
   <datafield ind2=" " ind1=" " tag="520">
      <subfield code="a">This study was supported by the Spanish project AGL2016-76527-R from the Ministerio de Economía y Competitividad (MINECO, Spain). Fadia Chairi was recipient of PhD grant from MINECO. J.L. Araus also acknowledges the support of Catalan Institution for Research and Advanced Studies (ICREA, Generalitat de Catalunya, Spain), through the ICREA Academia Program.</subfield>
   </datafield>
   <datafield ind1="8" ind2=" " tag="024">
      <subfield code="a">http://hdl.handle.net/10459.1/69998</subfield>
   </datafield>
   <datafield tag="653" ind2=" " ind1=" ">
      <subfield code="a">Durum wheat</subfield>
   </datafield>
   <datafield tag="653" ind2=" " ind1=" ">
      <subfield code="a">Breeding</subfield>
   </datafield>
   <datafield tag="653" ind2=" " ind1=" ">
      <subfield code="a">Genotype × environment interaction (G × E)</subfield>
   </datafield>
   <datafield tag="653" ind2=" " ind1=" ">
      <subfield code="a">Adaptability</subfield>
   </datafield>
   <datafield tag="653" ind2=" " ind1=" ">
      <subfield code="a">Carbon isotope composition</subfield>
   </datafield>
   <datafield tag="653" ind2=" " ind1=" ">
      <subfield code="a">Canopy temperature</subfield>
   </datafield>
   <datafield ind2="0" ind1="0" tag="245">
      <subfield code="a">Breeding effects on the genotype × environment interaction for yield of durum wheat grown after the Green Revolution: The case of Spain</subfield>
   </datafield>
</record></metadata></record></GetRecord></OAI-PMH>